[Event "Challenge"]
[Site "http://www.queenalice.com/game.php?id=665140"]
[Date "2009.10.9"]
[Round "-"]
[White "Mestre1985"]
[Black "MSF"]
[Result "0-1"]
[WhiteElo "1194"]
[BlackElo "1519"]

1. b3 d5 2. Ba3 Nc6 3. e3 Nf6 4. Be2 d4 5. exd4 Nxd4 6. Bb5+ Nxb5 7. Bb4 a5 8.
Bc5 Ne4 9. Be3 Bf5 10. Qf3 e5 11. Qxf5 Qd5 12. Nf3 Nbd6 13. Qxe5+ Qxe5 14. Nxe5
f6 15. f3 fxe5 16. fxe4 Nxe4 17. d3 Bb4+ 18. c3 Nxc3 19. Nxc3 Bxc3+ 20. Ke2 Bxa1
21. Rxa1 O-O 22. a4 Rae8 23. Rc1 Re7 24. Bg5 Rd7 25. Rc5 Re8 26. Rxa5 e4 27.
dxe4 Rxe4+ 28. Kf3 Re8 29. Rb5 Rd3+ 30. Kf2 h6 31. Bc1 Rd1 32. Bb2 Rd2+ 33. Kf3
Rxb2 34. Rxb7 c5 35. a5 Ra8 36. h4 Rxa5 37. Rb8+ Kh7 0-1

[Event "Challenge"]
[Site "http://www.queenalice.com/game.php?id=669575"]
[Date "2009.10.19"]
[Round "-"]
[White "Mestre1985"]
[Black "mbacellar"]
[Result "1-0"]
[WhiteElo "969"]
[BlackElo "1218"]

1. e4 e5 2. Bb5 c6 3. Be2 Qg5 4. h4 Qxg2 5. Bf3 Qg6 6. d3 d5 7. Qd2 Na6 8. Nc3
Be7 9. exd5 e4 10. dxe4 Bd7 11. Qf4 f5 12. dxc6 bxc6 13. Be3 Qh6 14. Nh3 g5 15.
Qe5 Qg6 16. exf5 Bxf5 17. Qxh8 Bf6 18. Bxc6+ Kf8 19. Qxf6+ Qxf6 20. Bxa8 Nh6 21.
Rd1 Ng4 22. Bd4 Qe6+ 23. Kf1 Bxc2 24. Rc1 Ne3+ 25. Bxe3 Qb6 26. Bxb6 Nb4 27.
Rxc2 Nxc2 28. Bc5+ Kg7 29. Be4 Kh6 30. Bxc2 gxh4 31. Rg1 1-0

[Event "Challenge"]
[Site "http://www.queenalice.com/game.php?id=671682"]
[Date "2009.10.24"]
[Round "-"]
[White "Legiao"]
[Black "Mestre1985"]
[Result "0-1"]
[WhiteElo "1152"]
[BlackElo "1028"]

1. e4 c5 2. Bc4 Qa5 3. Qf3 Qa4 4. Qxf7+ Kd8 5. Qxf8+ Kc7 6. Bb3 Qxe4+ 7. Kf1 b6
8. Qxg7 Ba6+ 9. d3 Nc6 10. Qxh8 Bxd3+ 11. cxd3 Qg6 12. Bxg8 Qxd3+ 13. Ke1 Qe4+
0-1

[Event "Challenge"]
[Site "http://www.queenalice.com/game.php?id=682121"]
[Date "2009.11.12"]
[Round "-"]
[White "Mestre1985"]
[Black "mbacellar"]
[Result "0-1"]
[WhiteElo "1066"]
[BlackElo "1240"]

1. c4 Na6 2. Qa4 c6 3. g3 b5 4. Qb3 Bb7 5. Qxb5 cxb5 6. cxb5 Nb4 7. f3 Qb6 8.
Na3 e6 9. d3 Bc5 10. Bg5 Nc2+ 11. Nxc2 e5 12. Na3 d5 13. Rc1 Bb4+ 14. Kd1 Ne7
15. e3 Nf5 16. e4 Ne3+ 17. Ke2 f6 18. Nc2 Bc5 19. Bh3 fxg5 20. Na3 O-O 21. exd5
Bd4 22. Bf5 Rxf5 0-1

[Event "Challenge"]
[Site "http://www.queenalice.com/game.php?id=692677"]
[Date "2009.12.3"]
[Round "-"]
[White "Mestre1985"]
[Black "mbacellar"]
[Result "1-0"]
[WhiteElo "1085"]
[BlackElo "1263"]

1. c4 f6 2. Qc2 d6 3. Qa4+ c6 4. g3 Qd7 5. e3 b5 6. cxb5 cxb5 7. Qd4 Nc6 8. Qh4
Nb4 9. Qxb4 a5 10. Qe4 Ra6 11. Bh3 e6 12. Na3 Rb6 13. f3 Bb7 14. Bxe6 d5 15.
Bxd7+ Kxd7 16. Qg4+ Re6 17. Nxb5 Nh6 18. Qf4 Ba6 19. Nc7 Bd3 20. Nxe6 Kxe6 21.
Qd4 Ba6 22. Qb6+ Kf5 23. Qxa6 g5 24. g4+ Kg6 25. d4 Nf7 26. Qxa5 h5 27. gxh5+
Rxh5 28. Qc7 Rh8 29. Qg3 Bd6 30. f4 Re8 31. Qf3 gxf4 32. Qxd5 Rxe3+ 33. Bxe3
fxe3 34. Qg2+ Kf5 35. Qg7 Ng5 36. Qd7+ Ke4 37. Qxd6 Kd3 38. Rd1+ Kc2 39. Ke2 f5
40. Nf3 Ne4 41. Qc6+ Nc3+ 42. Qxc3# 1-0

[Event "Let's Play Chess!"]
[Site "http://www.queenalice.com/game.php?id=699281"]
[Date "2009.12.17"]
[Round "-"]
[White "Mestre1985"]
[Black "BobySponja"]
[Result "0-1"]
[WhiteElo "1143"]
[BlackElo "1702"]

1. c4 d5 2. cxd5 e6 3. dxe6 Bxe6 4. Qa4+ Nc6 5. d4 Qxd4 6. Qxd4 Nxd4 7. Nc3 Nc2+
8. Kd1 Nxa1 9. Bf4 O-O-O+ 10. Kc1 Bf5 11. e3 Nc2 12. Nb5 Bd6 13. Bc4 Bg6 14.
Nxd6+ cxd6 15. Bg5 f6 16. Be6+ Kb8 17. Nf3 fxg5 18. Rd1 Nf6 19. Nxg5 Nb4 20. Nf7
Bxf7 21. Bxf7 h5 22. a3 Nc6 23. f3 Rhf8 24. Bg6 h4 25. e4 Ne5 26. h3 Nxg6 27. e5
Nxe5 28. Rd4 Rh8 29. a4 Nc6 30. f4 Nxd4 31. a5 Nb3+ 32. Kc2 Nxa5 33. b3 d5 34.
b4 Nc4 35. b5 Ne3+ 36. Kd2 Nxg2 37. Kd3 Nxf4+ 38. Kd4 Rhe8 39. Kc5 d4 40. b6 d3
41. bxa7+ Ka8 42. Kb6 d2 43. Kc7 d1=Q 0-1

[Event "AUTO-BEG-366"]
[Site "http://www.queenalice.com/game.php?id=699410"]
[Date "2009.12.17"]
[Round "1"]
[White "Mestre1985"]
[Black "kimura1"]
[Result "1-0"]
[WhiteElo "1154"]
[BlackElo "1049"]

1. d4 d5 2. Qd3 e6 3. h4 Bb4+ 4. c3 Bd6 5. Bg5 f6 6. Qe3 fxg5 7. hxg5 h6 8. g6
Ne7 9. Nf3 Nf5 10. Qd3 Qf6 11. Ne5 1-0

[Event "AUTO-BEG-366"]
[Site "http://www.queenalice.com/game.php?id=699423"]
[Date "2009.12.17"]
[Round "1"]
[White "candycorn"]
[Black "Mestre1985"]
[Result "0-1"]
[WhiteElo "1335"]
[BlackElo "1143"]

1. e4 e5 2. d4 Bb4+ 3. c3 Ba5 4. b4 Bb6 5. Bc4 f5 6. Qa4 a5 7. Be6 g6 8. Bb3 Qe7
9. bxa5 Bxa5 10. Nf3 exd4 11. Bg5 Qxe4+ 12. Kd1 d3 13. Ne5 Qxg2 14. Be6 Qxh1+
15. Kd2 Qg2 16. Bf6 Nxf6 17. Na3 Qxf2+ 18. Kxd3 Nc6 19. Bf7+ Kd8 20. Rc1 Nxe5#
0-1

[Event "AUTO-BEG-366"]
[Site "http://www.queenalice.com/game.php?id=699424"]
[Date "2009.12.17"]
[Round "1"]
[White "Mestre1985"]
[Black "candycorn"]
[Result "0-1"]
[WhiteElo "1216"]
[BlackElo "1417"]

1. g3 Nf6 2. Bh3 e5 3. d3 Bb4+ 4. c3 Ba5 5. Qa4 b6 6. Qh4 Nc6 7. Qg5 Nd4 8. Qxg7
Nc2+ 9. Kf1 Ke7 10. b4 Nxb4 11. Bg5 Nd5 12. Bh6 d6 13. Bxc8 Qxc8 14. e4 Rg8 15.
Qxg8 Qxg8 16. exd5 Qg6 17. Na3 Qxh6 18. Re1 Bxc3 19. Rc1 Qxc1+ 20. Kg2 Qxa3 21.
Nf3 Qxa2 22. Rc1 Bb2 23. Rxc7+ Kd8 24. Rxf7 Ba3 25. Rf8+ Ne8 26. Ng5 Kc7 27.
Ne6+ Kd7 28. Rf7+ Kc8 29. Rf8 Qxd5+ 30. Kg1 Qxe6 31. Rh8 e4 32. dxe4 Qxe4 33.
Rxh7 a5 34. h4 Nf6 35. Rh8+ Kb7 36. Rh6 Rf8 37. h5 Qe1+ 38. Kg2 Qe4+ 39. Kh2
Ng4+ 40. Kg1 Nxh6 41. f4 Bc5+ 42. Kh2 Rg8 43. Kh3 Qh1# 0-1

[Event "AUTO-BEG-366"]
[Site "http://www.queenalice.com/game.php?id=699431"]
[Date "2009.12.17"]
[Round "1"]
[White "ciceroeduardo"]
[Black "Mestre1985"]
[Result "1-0"]
[WhiteElo "1453"]
[BlackElo "1089"]

1. e4 e5 2. Nf3 Bc5 3. Bc4 g5 4. Nxe5 Nf6 5. Nxf7 Qe7 6. Nxg5 Qe5 7. d3 h6 8.
Nf7 Ke7 9. Nxe5 d6 10. Ng6+ Kd7 11. Nxh8 a6 12. Bxh6 Bb4+ 13. Nd2 Nc6 14. O-O b5
15. Bd5 Nxd5 16. exd5 Ne5 17. Nf3 Bb7 18. Nxe5+ dxe5 19. Qg4+ Kd6 20. Qe6+ Kc5
21. Be3# 1-0

[Event "Challenge"]
[Site "http://www.queenalice.com/game.php?id=706050"]
[Date "2009.12.30"]
[Round "-"]
[White "odinn"]
[Black "Mestre1985"]
[Result "1-0"]
[WhiteElo "1090"]
[BlackElo "1192"]

1. e4 e5 2. Bc4 Nh6 3. Na3 Qh4 4. d3 Bb4+ 5. Bd2 Bc5 6. Nh3 Ng4 7. O-O Na6 8. g3
Qxh3 9. b4 Nxb4 10. Nb5 Nxh2 11. Re1 Nf3+ 12. Qxf3 Nxc2 13. Qxf7+ Kd8 14. Qxg7
Bxf2+ 15. Kxf2 Qh2+ 16. Kf3 Qh5+ 17. Kf2 Re8 18. Bf7 b6 19. Bxh5 Re6 20. Qf7 Re7
21. Qf8+ Re8 22. Qxe8# 1-0

[Event "Challenge"]
[Site "http://www.queenalice.com/game.php?id=710669"]
[Date "2010.1.8"]
[Round "-"]
[White "Mestre1985"]
[Black "mbacellar"]
[Result "0-1"]
[WhiteElo "1199"]
[BlackElo "1324"]

1. e4 e5 2. Qh5 Nf6 3. Qxe5+ Qe7 4. Qxe7+ Bxe7 5. e5 Ng4 6. e6 dxe6 7. Bb5+ c6
8. Ba4 Bc5 9. Nc3 Nxf2 10. Ne4 Ke7 11. Nxf2 b5 12. Bb3 a5 13. Ne4 Bb6 14. c4 Nd7
15. cxb5 Ne5 16. d4 Nd3+ 17. Kd2 Nb4 18. Kc3 e5 19. Bg5+ f6 20. Bh4 Bxd4+ 21.
Kc4 Be6# 0-1

[Event "Challenge"]
[Site "http://www.queenalice.com/game.php?id=716937"]
[Date "2010.1.20"]
[Round "-"]
[White "Mestre1985"]
[Black "Sonia"]
[Result "0-1"]
[WhiteElo "1200"]
[BlackElo "1498"]

1. e4 e5 2. Qh5 Qe7 3. Bc4 g6 4. Qg4 Nc6 5. a4 Nd4 6. Na3 h5 7. Qg3 Nf6 8. Nb5
Kd8 9. Nxd4 exd4 10. Qf4 Nxe4 11. f3 Nd6+ 12. Ne2 Nxc4 13. Qxd4 Ne5 14. Nf4 Bg7
15. Nd5 Nxf3+ 16. Kd1 Nxd4 17. Nxe7 Kxe7 18. Re1+ Ne6 19. Ra3 b6 20. Rf3 Bb7 21.
Rf2 Rhf8 22. d3 Kd8 23. b3 Kc8 24. Ref1 Nd8 25. c4 d6 26. d4 a5 27. Bg5 f6 28.
Bf4 Bc6 29. d5 Bd7 30. Re1 Rf7 31. h4 Bg4+ 32. Kc1 Kb7 33. Re8 g5 34. hxg5 Bd7
35. Rg8 f5 36. g6 Re7 37. Bg5 Re1+ 38. Kd2 Rb1 39. Rf3 Rb2+ 40. Kc1 Rxg2 41.
Bxd8 Bb2+ 42. Kb1 Be5 43. Rg7 Bxg7 44. Re3 Rxd8 45. Re7 Rxg6 46. Re2 Rg1+ 47.
Kc2 Rg3 48. Rh2 Be8 49. Rf2 Bg6 50. Rf4 Rg2+ 51. Kd3 Rg3+ 52. Ke2 Rxb3 53. Rg4
fxg4 0-1

[Event "Challenge"]
[Site "http://www.queenalice.com/game.php?id=717696"]
[Date "2010.1.21"]
[Round "-"]
[White "babycrocket"]
[Black "Mestre1985"]
[Result "1-0"]
[WhiteElo "1500"]
[BlackElo "1204"]

1. e4 e5 2. Nf3 Bb4 3. c3 Bc5 4. d3 d6 5. h3 Qf6 6. Be2 h5 7. O-O Rh6 8. Bxh6
Nxh6 9. Qd2 b5 10. d4 exd4 11. Bxb5+ c6 12. Ba4 dxc3 13. Nxc3 Na6 14. e5 dxe5
15. Nxe5 Nb8 16. Rfe1 Bxf2+ 17. Qxf2 Qxf2+ 18. Kxf2 Ba6 19. Nxc6+ Kf8 20. Nd4
Bd3 21. Re8# 1-0

[Event "Challenge"]
[Site "http://www.queenalice.com/game.php?id=717759"]
[Date "2010.1.21"]
[Round "-"]
[White "Mestre1985"]
[Black "babycrocket"]
[Result "0-1"]
[WhiteElo "1184"]
[BlackElo "1626"]

1. d4 d5 2. Qd3 e6 3. Nc3 h6 4. Nb5 a6 5. Nc3 c5 6. dxc5 Bxc5 7. Qg3 Qf6 8. Bf4
Nc6 9. Bc7 Nge7 10. a3 Qg6 11. Qxg6 Nxg6 12. e3 O-O 13. b4 Be7 14. e4 Bf6 15.
Bd6 Bxc3+ 16. Ke2 Bxa1 17. Bxf8 Kxf8 18. exd5 exd5 19. Nf3 Bg4 20. h3 Re8+ 21.
Kd2 Bxf3 22. gxf3 b5 23. Bd3 Bf6 24. h4 Nxh4 25. Ra1 Bxa1 26. a4 Nxb4 27. c4
Nxf3+ 28. Kd1 Re1# 0-1

[Event "Challenge"]
[Site "http://www.queenalice.com/game.php?id=720228"]
[Date "2010.1.25"]
[Round "-"]
[White "colatina"]
[Black "Mestre1985"]
[Result "1-0"]
[WhiteElo "1589"]
[BlackElo "1184"]

1. e4 e5 2. Bc4 Qh4 3. Qf3 Nh6 4. g3 Qf6 5. Qxf6 gxf6 6. Nf3 Ng4 7. d4 exd4 8.
Bf4 Bb4+ 9. c3 dxc3 10. bxc3 Bc5 11. O-O O-O 12. h3 Nxf2 13. Kh2 Nxe4 14. Re1
Nd6 15. Nbd2 Nxc4 16. Re4 Nxd2 17. Nxd2 Bf2 18. Kg2 d5 19. Re2 Bd4 20. cxd4 Kh8
21. Rae1 Nc6 22. Bxc7 Nxd4 23. Re8 Bd7 24. Rxf8+ Rxf8 25. Re7 Bc6 26. Bd6 Nf5
27. Re6 fxe6 28. Bxf8 d4+ 29. Kf2 Ne3 30. Bc5 e5 31. Bxa7 Nd1+ 32. Kg1 d3 33.
Bc5 f5 34. Kf1 e4 35. g4 fxg4 36. hxg4 Bd7 37. g5 Bh3+ 38. Ke1 Nc3 39. a3 e3 40.
Bxe3 Nd5 41. Bd4+ Kg8 42. a4 Bd7 43. a5 Nf4 44. Be3 Ng2+ 45. Kf2 Nxe3 46. Kxe3
Bf5 47. Nc4 Kg7 48. Nd6 Kg6 49. Nxb7 Kxg5 50. a6 Kg4 51. a7 Kg3 52. a8=Q Be4 53.
Qg8+ Kh2 54. Kf2 Kh3 55. Qg3# 1-0

[Event "Challenge"]
[Site "http://www.queenalice.com/game.php?id=724868"]
[Date "2010.2.2"]
[Round "-"]
[White "Mestre1985"]
[Black "colatina"]
[Result "1-0"]
[WhiteElo "1200"]
[BlackElo "1609"]

1. e4 e5 2. Qg4 d5 3. Qg3 Nc6 4. Bb5 Qf6 5. exd5 a6 6. Ba4 b5 7. Qf3 Nd4 8. Qxf6
Nxf6 9. Bb3 Bd7 10. d3 a5 11. c4 a4 12. Bd1 bxc4 13. dxc4 a3 14. bxa3 Bc5 15.
Nf3 Nxf3+ 16. gxf3 e4 17. fxe4 Nxe4 18. Rg1 Bxa3 19. Nxa3 O-O 20. Bb2 c6 21.
Rxg7+ Kh8 22. Rxf7+ Kg8 23. Rg7+ Kh8 24. Rxd7+ Nf6 25. Rd6 Rae8+ 26. Kf1 Kg8 27.
Rxf6 Rxf6 28. Bxf6 cxd5 29. cxd5 Ra8 30. Nc4 Ra5 31. Nxa5 1-0

[Event "Challenge"]
[Site "http://www.queenalice.com/game.php?id=740128"]
[Date "2010.3.2"]
[Round "-"]
[White "Sonia"]
[Black "Mestre1985"]
[Result "1-0"]
[WhiteElo "1564"]
[BlackElo "1196"]

1. e4 e5 2. Nf3 Bd6 3. Bc4 Nh6 4. d3 Ng4 5. Ng5 Bc5 6. Bxf7+ Kf8 7. Qxg4 Bb4+ 8.
c3 d5 9. Be6 Nc6 10. cxb4 Nxb4 11. Qf5+ Ke8 12. Qf7# 1-0